000 01027nam a2200301 i 4500
001 bg
100 1 _aLermontov, Mihail Ur'evič
_d(1814-1841).
245 1 0 _aBohater naszych czasów /
_cMichaił Lermontow ; przekł. Wacław Rogowicz.
246 1 _iTyt. oryg.:
_aGeroj našego vremeni
260 _a[s.l.] :
_bMediasat Group,
_c2005.
300 _a153 [2] s. ;
_c21 cm.
490 1 _aBiblioteka Gazety Wyborczej : XIX wiek ;
_v8
500 _aTyt. oryg.: "Gieroj naszego wriemieni".
500 _aWyd. we współpr. merytorycznej z Zakładem Narodowym im. Ossolińskich - Wydawnictwo, Wrocław.
650 9 _aPowieść rosyjska
_y19 w.
700 1 _aRogowicz, Wacław
_d(1879-1960).
_eTł.
830 0 _aBiblioteka Gazety Wyborczej ;
_v8
020 _a8498191645 (całość)
020 _a8498191726
040 _cBPK
041 1 _apol
_hrus
044 _aPOL
080 _a882-3
920 _a84-9819-164-5 (całość)
920 _a84-9819-172-6
942 _cKS
008 s pl f |000 0 pol
999 _c55695
_d55695